000 00520nam a22001577a 4500
005 20251108165901.0
008 250721s1984 xx 000 0 ara d
082 1 4 _aم/636.11/اعر
100 1 _aزياد، أبي الأعرأبي أبو عبد الله محمد
245 1 0 _aكتاب أسماء خيل العرب وفرسانها /
264 1 _aالقاهرة :
_bالهيئة المصرية العامة للكتاب،
_c1984.
300 _a254ص
650 1 7 _aالخيل
942 _2ddc
_cREF
999 _c33837
_d33837